000 00350nam a2200121Ia 4500
008 210430s9999 xx 000 0 und d
082 _a515.35 Z69 D
100 _aDennis G.Zill
_910571
245 _aDifferential Equations with Boundary-value Problems 6th
_cDennis G.Zill
260 _aIndia
_bZill Cullen
_c2012
300 _a559 p
942 _cBK
_2ddc
999 _c564983
_d564983